000 01008cam a22002893a 4500
001 20664
003 PGUSA
005 20140828083436.0
008 070225s2007||||xxu|||||s|||||000 | eng d
040 _aPGUSA
_beng
042 _adc
050 4 _aPA
100 1 _aAristophanes,
_d-450--388
245 1 0 _aAristophane; Traduction nouvelle, tome second
_h[electronic resource] /
_cAristophanes
260 _bProject Gutenberg,
_c2007
505 0 _aLes oiseaux -- Lysistrata -- Les Thesmophoriazouses, ou Les femmes aux fêtes de Demeter -- Les grenouilles -- Les Ekklesiazouses, ou l'Assemblée des femmes -- Ploutos.
506 _aPublic domain in the USA.
516 _aElectronic text
653 _aAristophanes -- Translations into French
653 _aComedies
653 _aAthens (Greece) -- Drama
700 1 _aTalbot, Eugène,
_d1814-1894
700 1 _aSully Prudhomme,
_d1839-1907
830 0 _aProject Gutenberg
_v20664
856 4 0 _uhttp://www.gutenberg.org/ebooks/20664
942 _cEB
999 _c249919
_d249919